History Quiz

Random History or Year Quiz

Historical Events of 1974 Quiz Stats

 Plays Quiz Updated Jun 25, 2014

Also try: 1980
Challenge
Share
Tweet
Embed
Score 0/24 Timer 08:00
7 Plays Today
Date Answer % Correct
August 8Richard Nixon
88.5%
March 8Charles de Gaulle
77.5%
December 25Fleetwood Mac
67%
January 15Happy Days
66.5%
April 8Henry Aaron
66.1%
June 17Irish Republican Army
63.4%
October 30George Foreman
61.5%
February 4Patricia Hearst
61%
July 7West Germany
58.2%
July 20Cyprus
57%
September 8Evel Knievel
53.7%
May 18India
53%
Date Answer % Correct
August 7World Trade Center
52.7%
December 5Monty Python's Flying Circus
52.3%
January 16Jaws
50%
April 5Carrie
46.6%
April 2Tatum O'Neal
44.3%
November 24Lucy
37.5%
April 6Waterloo
31.1%
July 6A Prairie Home Companion
28.9%
April 25Portugal
26%
October 4John Lennon
24.4%
November 25U Thant
18.3%
December 24Darwin
17.1%

You're not logged in!

Compare scores with friends on all Sporcle quizzes.
OR
Log In

You Might Also Like...

Show Comments

Extras

Top Quizzes Today


Score Distribution

Your Account Isn't Verified!

In order to create a playlist on Sporcle, you need to verify the email address you used during registration. Go to your Sporcle Settings to finish the process.

Report this User

Report this user for behavior that violates our Community Guidelines.

Details: